000 00212nam a2200085Ia 4500
245 0 _aTrust me
100 _a ABBOTT, Jeff Leicester, 2009
_980620
942 _cBK
008 210817s9999 xx 000 0 und d
999 _c283674
_d283673